Pain as human experience : an anthropological perspective

Αποθηκεύτηκε σε:
Λεπτομέρειες βιβλιογραφικής εγγραφής
Μορφή: Βιβλίο
Γλώσσα:English
Δημοσίευση: Berkley : University of California, 1992
Σειρά:Comparative studies of health systems and medical care ; ; 31
Θέματα:
Ετικέτες: Προσθήκη ετικέτας
Δεν υπάρχουν, Καταχωρήστε ετικέτα πρώτοι!

MARC

LEADER 00000nam a2200000 i 4500
001 1/5071
008 960514s1992 eng d
020 |a 0-520-07511-0 
035 |l 10015877 
040 |a GR-MY-UA  |b gre  |e aacr 
041 0 |a eng 
082 0 |a 306.461 
245 1 0 |a Pain as human experience :  |b an anthropological perspective /  |c Edited by Mary-Jo DelVecchio Good...[et al.] 
260 |a Berkley :   |b University of California,   |c 1992 
300 |a 214 p. 
490 1 |a Comparative studies of health systems and medical care  |v ; 31 
504 |a Includes index 
650 0 0 |a Medical anthropology. 
650 0 0 |a Pain  |x Social aspects. 
830 0 |a Comparative studies of health systems and medical care ;  |v ; 31 
852 |a INST  |b LESVOS  |e 19960514  |h 306.461 PAI  |p 005100010269  |q 005100010269  |t BK  |y 0 
909 |a Λ  |b 044032